| 000 | 00760nam a22002295i 4500 | ||
|---|---|---|---|
| 001 | 167926 | ||
| 003 | ES-MaACL | ||
| 005 | 20230906213627.0 | ||
| 008 | 150927s2000 sp |||| | spa d | ||
| 020 | _a84-663-0033-3 | ||
| 080 | _a821.111-31"19" | ||
| 100 | 1 |
_aJames, P. D. ( _d1920-2014) _9160194 |
|
| 245 | 1 | 3 |
_aLa torre negra / _cP.D. James ; [traducción, Mª José Rodellar]. |
| 250 | _a[1ª ed. en esta colección]. | ||
| 260 |
_a[Barcelona] : _bSuma de Letras : _bEdiciones B, _c2000. |
||
| 300 |
_a446 p. ; _c18 cm. |
||
| 490 | 1 |
_aPunto de lectura ; _v16/6 |
|
| 700 | 0 |
_aRodellar, María José. _998110 |
|
| 830 | 0 |
_aPunto de lectura ; _v16/6 _9184240 |
|
| 852 |
_aES-MaACL _jL-30169 _z.- Donat. Miguel A. Velasco |
||
| 999 |
_c167926 _d167926 |
||